000 00336nam a2200145Ia 4500
008 230917s9999||||xx |||||||||||||| ||und||
040 _e185127
_aMAIN
041 _aEnglish
082 _a658.15 K959F
100 _aKulkarni, P V
245 0 _aFinancial mangement
260 _aBombay
_bHimalay
_c1985
300 _a355 p.
942 _cBK
999 _c51539
_d51539